000
00296nam a22001337a 4500
020
_a
978-81-226-0606-5
082
_a
894.812
_b
VAS/K
100
_a
M.T.VASUDEVAN NAIR
245
_a
PAZHASSIRAJA
260
_a
THRISSUR
_b
CURRENT BOOKS
_c
2010
300
_a
143
500
_a
PAZHASSIRAJA
942
_c
BK
999
_c
7788
_d
7788